Responses for show #367 - Tuesday, February 4, 1986

Paul Rouffa game 1.

Contestants

Jamie Capwell, a lawyer from San Francisco, California

Paul Rouffa, an actor from Forest Park, Illinois

Garth Sturdevant, a United States Marine Corps major from Encinitas, California (whose 2-day cash winnings total $17,001)

Jeopardy! Round responses

AMERICAN FOOD AND DRINK
NURSERY RHYMES
INSECTS
'70s MOVIES
JEWELRY
WHAT'S "UP" DOC
    $100 15
popcorn

Paul
    $100 12
sing

Paul
    $100 1
a ladybug

Paul
    $100 2
(Garth: Who is Greg Bussey?)

Gary Busey

GarthJamie
    $100 23
earrings

Jamie
    $100 9
upwind

Paul
    $200 16
St. Louis

Paul
    $200 20
(Paul: Who is the Jack of Spades?)

the Knave (of Hearts)

GarthPaul
    $200 4
fleas

Garth
    $200 3
coma

Garth
    $200 24
studs

Paul
    $200 10
your upbringing

Jamie
    $300 17
a mint julep

Paul
    $300 28
(Jamie: What is wander away?)

come home

Jamie
Triple Stumper
    $300 5
eating & mating

Paul
    $300 6
Godfather II

Paul
    $300 25
a tiara

Paul
    $300 11
uplifting

Paul
    $400 18
hush puppies

Jamie
    $400 29
cockleshells and silver bells and pretty maids all in a row

Triple Stumper
    $400 21
(Alex: Yes. Quite often they migrate from the land of plenty.)

population

Paul
    $400 7
The Last Detail

Paul
    $400 26
a cameo

Garth
    $400 13
(Jamie: What is upsula?)
(Alex: Yes.)
(Jamie: WHAT'S "UP" DOC for $500.)
[A buzzer sounds offstage]
[The $500 clue is revealed]
(Alex: Oops. Sorry? Let me read the answer here.)
[The $500 clue is played]
(Alex: And now let's find out what the buzzer was for. [Listens to judges] She gave me an incorrect response? Let's take a commercial break right now. We'll clear this up and we'll come back to chat with the players right after these commercial messages on Jeopardy!)

upsilon

Jamie
Triple Stumper
    $500 19
grits

Paul
    $500 30
roast beef

Paul
    $500 22
a chrysalis

Paul
    $600 8
The Deer Hunter & Coming Home

Paul
    $500 27
(Alex: With about a minute to go in the round, what is [*]?)

a brooch

Triple Stumper
    $500 14
oneupsmanship

Triple Stumper

Scores at the first commercial break (after clue 14):

Garth Paul Jamie
$300 $2,200 -$100

Scores at the end of the Jeopardy! Round:

Garth Paul Jamie
$900 $5,000 $100

Double Jeopardy! Round responses

COMPOSERS
SPORTS
ANCIENT SCIENCE
POETRY
BUSINESS & INDUSTRY
BRITISH TRIVIA
    $200 1
(Alex: That's right, he was comissioned, by the way, by a one-armed pianist. That's why he wrote it.)

the left hand

Paul
    $200 6
Boris Becker

Paul
    $200 12
(Paul: Who is Socrates?)

Aristotle

Paul
Triple Stumper
    $200 17
"thou"

Jamie
    $200 11
Sunday schools

Paul
    $400 2
the Hallelujah Chorus

Garth
    $400 7
a regatta

Triple Stumper
    $400 13
Alexandria

Paul
    $400 18
"horrid"

Paul
    $400 27
pencils

Garth
    $600 3
Tchaikovsky

Paul
    $2,000 8
(Alex: It took him no time at all. ABBA was the singing group.)

Fernando Valenzuela

Paul
    $600 14
(Garth: What is wood?)
...
(Alex: Even in those days they were concerned with [*] poisoning.)

lead

Garth
Triple Stumper
    $600 19
Robert Frost

Jamie
    $600 26
clothing

Paul
    $800 4
World War I

Paul
    $800 9
(Garth: What is the Central Division?)
(Alex: Be more specific.)
(Garth: What is the Western Division of the Central... of the American Conference?)

the National Football Conference West or the American Football Conference Central

Garth
Triple Stumper
    $800 15
Pythagoras

Paul
    $800 20
Shelley

Garth
    $800 25
Porcelana

Triple Stumper
    $800 24
(Alex: Yes. Loyal employees.)

dice

Garth
    $1000 5
Mussorgsky

Paul
    $1000 10
figure skating

Garth
    $3,000 16
(Paul: What is acreage?)

time

Paul
    $1000 21
James Whitcomb Riley

Triple Stumper
    $1000 23
(Garth: What is a drugstore?)

food stores (supermarkets)

Garth
Triple Stumper
    $1000 22
(Alex: It was a [*] house where a lot of the brokers met.)

coffee

Triple Stumper

Scores at the end of the Double Jeopardy! Round:

Garth Paul Jamie
$1,900 $9,000 $900
(lock game)

[wagering suggestions for these scores]

Final Jeopardy! Round responses

ENERGY
(Alex: [To Jamie] Saudi Arabia is #3 in the world.)
JamieWhat is Saudi Arabia?
$899
GarthWhat is the Soviet Union?
$1,900
PaulWhat is the USSR?
$1,000
the Soviet Union

Final scores:

Garth Paul Jamie
$3,800 $10,000 $1
2nd place: a stay at the Milford Plaza in New York New champion: $10,000 3rd place: Ventura luggage

Game dynamics:

Coryat scores:

Garth Paul Jamie
$1,900 $10,500 $900
9 R,
4 W
28 R
(including 2 DDs),
3 W
(including 1 DD)
6 R,
2 W

Combined Coryat: $13,300

The J! Archive is created by fans, for fans. The Jeopardy! game show and all elements thereof, including but not limited to copyright and trademark thereto, are the property of Jeopardy Productions, Inc. and are protected under law. This website is not affiliated with, sponsored by, or operated by Jeopardy Productions, Inc. Join the discussion at JBoard.tv.